000 01536cam a2200205 i 4500
008 180627t20182018nyu b 001 0 eng d
020 _a9780198804307
020 _a019880430X
050 0 0 _aJQ3090
_b.O93 2018
082 0 4 _a966.9
100 _aLevan A. Carl
245 0 4 _aThe Oxford handbook of Nigerian politics /
_cedited by A. Carl Levan and Patrick Ukata.
260 _aUnited Kingdom
_bOxford University Press
_c2018
300 _axxiii, 801 pages ;
520 8 _aThe Oxford Handbook of Nigerian Politics offers a comprehensive analysis of Nigeria's very rich history and ever changing politics to its readers. It provides a deep understanding of Nigeria's socio-political evolution and experience by covering broad range of political issues and historical eras. 0The volume encompasses 44 chapters organized thematically into essays covering history, political institutions, civil society, economic and social policy, identity and insecurity, and Nigeria in a globalized world. By identifying many of the classic debates in Nigerian politics, the chapters serve as an authoritative introduction to Africa's most populous country. The chapters are interdisciplinary, introducing readers to classic debates and key research on Nigeria, as well as new methodologies, new data, and a compelling corpus of research questions for the next generation of researchers and readers interested in Africa.
650 7 _aPolitics and government.
_vNigeria History
700 1 _aLeVan, A. Carl,
700 1 _aUkata, Patrick,
942 _cBK
999 _c3378
_d3378